Library of the University of Algiers 3
Ibrahim Sultan Cheibout
شعار جامعة الجزائر 3
مكتبة جامعة الجزائر 3
إبراهيم سلطان شيبوط

النقود الاسلامية : (رقم التسجيلة. 42718)

تفاصيل مارك
000 -LEADER
fixed length control field 01135nam a2200229Ia 4500
003 - CONTROL NUMBER IDENTIFIER
control field Ost
005 - DATE AND TIME OF LATEST TRANSACTION
control field 20260507075054.0
008 - FIXED-LENGTH DATA ELEMENTS--GENERAL INFORMATION
fixed length control field 260507s9999||||xx |||||||||||||| ||und||
020 ## - INTERNATIONAL STANDARD BOOK NUMBER
International Standard Book Number 9773140474
040 ## - CATALOGING SOURCE
Transcribing agency fsecg
041 ## - LANGUAGE CODE
Language code of text/sound track or separate title ara
082 ## - DEWEY DECIMAL CLASSIFICATION NUMBER
Classification number 737.49
100 ## - MAIN ENTRY--PERSONAL NAME
Personal name النبراوي، رافت محمد محمد
Relator term مؤلف
245 #0 - TITLE STATEMENT
Title النقود الاسلامية :
Remainder of title منذ بداية القرن السادس وحتى نهاية القرن التاسع الهجري /
Statement of responsibility, etc. رافت محمد محمد النبراوي
260 ## - PUBLICATION, DISTRIBUTION, ETC.
Place of publication, distribution, etc. الإسكندرية:
Name of publisher, distributor, etc. مكتبة زهراء الشرق,
Date of publication, distribution, etc. 2000
300 ## - PHYSICAL DESCRIPTION
Extent 395 صفحة؛
Dimensions 24 سم
504 ## - BIBLIOGRAPHY, ETC. NOTE
Bibliography, etc. note بيبليوغرافيا ص.381
520 ## - SUMMARY, ETC.
Summary, etc. تجد في هذا الكتاب : أهمية النقود الإسلامية ،نقود دول شرق العالم الإسلامي ،نقود دول غرب العالم الإسلامي ،نقود المرابطين ،الموحدين ،بني حفص ،نقود بني زيان ، بني مريم ،نقود دولة بين نصر
653 ## - INDEX TERM--UNCONTROLLED
Uncontrolled term العالم الاسلامي
653 ## - INDEX TERM--UNCONTROLLED
Uncontrolled term النقود
942 ## - ADDED ENTRY ELEMENTS (KOHA)
Koha item type كتب
المقتنيات
Withdrawn status Lost status Source of classification or shelving scheme Damaged status Not for loan Home library Current library Date acquired Serial enumeration / chronology Inventory number Total checkouts Full call number Barcode Date last seen Price effective from Koha item type
    Dewey Decimal Classification   NOT LOAN / إعارة داخلية مكتبة كلية العلوم الإقتصادية والعلوم التجارية وعلوم التسيير مكتبة كلية العلوم الإقتصادية والعلوم التجارية وعلوم التسيير 07/05/2026 الطابق الأرضي 718/1   أ/718ن1 718/1 07/05/2026 07/05/2026 كتب

موارد الويب المفتوحة


© University of Algiers 3 All Rights Reserved
|
Implemented by LECHELAH Riad